header

Nano- and micro-crystalline diamond films and powders (Record no. 162489)

MARC details
000 -LEADER
fixed length control field 01844nam a2200337 a 4500
082 04 - DEWEY DECIMAL CLASSIFICATION NUMBER
Classification number 620.1/98
100 1# - MAIN ENTRY--AUTHOR NAME
Personal name Ligatchev, Valeri.
245 10 - TITLE STATEMENT
Title Nano- and micro-crystalline diamond films and powders
260 ## - PUBLICATION, DISTRIBUTION, ETC. (IMPRINT)
Place of publication New York :
Name of publisher Nova Science Publishers,
Year of publication c2009.
300 ## - PHYSICAL DESCRIPTION
Number of Pages viii, 92 p. :
Other physical details ill.
505 0# - FORMATTED CONTENTS NOTE
Formatted contents note Conventional methods of films deposition and powders synthesis -- Effects of deposition techniques and regimes on morphology of diamond films -- Morphological features of synthetic diamond nano-powders -- Morphology and feature of electron spectrums of crystalline diamond films and powders with different grain sizes and shapes -- Fundamental and 'intra-band' optical absorption of diamond films and powders -- Effect of micro- and nano-sized morphology on DC and AC electrical properties of diamond films and powders -- Semi-empirical simulations approaches and results.
650 #0 - SUBJECT ADDED ENTRY--TOPICAL TERM
Topical Term Diamond thin films.
Topical Term Nanodiamonds.
856 40 - ELECTRONIC LOCATION AND ACCESS
Uniform Resource Identifier http://site.ebrary.com/lib/rucke/Doc?id=10671426

No items available.

© 2026 Rongo University
Contact us: librarian | system librarian | Rongo university